000 00687nam a2200193 a 4500
001 12394
003 CO-ViMGA
008 141112s2004 ck r 000 u spa d
040 _aCO-ViMGA
_bspa
_cCO-ViMGA
082 0 4 _a354.8603 G15a
100 1 _aGalvis, Gaitan Fernando
_917766
245 1 0 _aAdministración Pública
260 _aBogotá :
_bEscula Superior de Administración pública,
_cPrograma de Desarrollo Administrativo Municipal,
_c1987
300 _a359p.
590 _aForma de adquisición : DONACION - - Proveedor : MARINA TRUJILLO - - Fecha de adquisición : SEPTIEMBRE - 2000
650 1 4 _aADMINISTRACION PUBLICA
_951587
650 1 4 _aCOLOMBIA
_917767
942 _2ddc
_cBK
999 _c23403
_d23403